| 000 | 00832nam a2200265 a 4500 | ||
|---|---|---|---|
| 001 | |||
| 003 | OSt | ||
| 005 | 20260527074042.0 | ||
| 008 | 081127s1989 dr ac 000 0 spa d | ||
| 020 | _a | ||
| 040 |
_aDO-SdBNP _bspa _cDO-SdBNP |
||
| 082 | 4 |
_a324.27293 _bB742p,1989 _222 |
|
| 100 | 1 |
_a Bosch, Juan, _d1909-2001 _976555 |
|
| 245 | 1 | 3 |
_aEl PLD un partido nuevo en América / _cJuan Bosch. |
| 250 | _a3a. ed. | ||
| 260 |
_aSanto Domingo : _bAlfa & Omega, _c1989. |
||
| 300 |
_a178 p. : _bil., retrs. ; _c21 cm. |
||
| 590 | _aInventariado, 2020/VM | ||
| 610 | 2 | 4 |
_aPartido de la Liberación Dominicana _9284 |
| 650 | 1 | 0 |
_aPartidos políticos _zRepública Dominicana _9285 |
| 651 | 1 | 0 |
_aRepública Dominicana _xPolítica y gobierno _945 |
| 910 | _a Validado. Control de calidad MFF | ||
| 942 |
_2ddc _cLBS1 |
||
| 956 | _aVMateo | ||
| 999 |
_c48908 _d48908 |
||